[Event "Wch Seniors 65 30th"]
[Site "Assisi"]
[Date "2022.11.18"]
[Round "4"]
[White "Bondar, Leonid"]
[Black "Blomstrom, Lars"]
[Result "1/2-1/2"]
[WhiteElo "1884"]
[BlackElo "2111"]
[PlyCount "54"]
[EventDate "2022.11.15"]
[EventType "swiss"]
[EventRounds "11"]
[EventCountry "ITA"]
[SourceTitle "CBM 211 Extra"]
[Source "ChessBase"]
[SourceDate "2023.01.31"]
[SourceVersion "1"]
[SourceVersionDate "2023.01.31"]
[SourceQuality "1"]

1. e4 e5 2. Nf3 Nc6 3. Bb5 a6 4. Ba4 Nf6 5. 0-0 Be7 6. Re1 b5 7. Bb3 d6 8. h3 0-0 9. a4 b4 10. c3 Rb8 11. cxb4 Rxb4 12. d3 Be6 13. Bxe6 fxe6 14. Qc2 Qd7 15. Bd2 Rb7 16. Rc1 Nd8 17. b4 Nh5 18. Qc4 d5 19. exd5 exd5 20. Qg4 Qxg4 21. hxg4 Nf4 22. Bxf4 Rxf4 23. Nc3 Bd6 24. Nxd5 Rxg4 25. b5 Ne6 26. Rc4 Rxc4 27. dxc4 Nc5 1/2-1/2

[Event "Wch Seniors 65 29th"]
[Site "Bucharest"]
[Date "2019.11.16"]
[Round "5"]
[White "Blomstrom, Lars"]
[Black "Yuksel, Mustafa"]
[Result "1-0"]
[WhiteElo "2132"]
[BlackElo "2047"]
[PlyCount "37"]
[EventDate "2019.11.12"]
[EventType "swiss"]
[EventRounds "11"]
[EventCountry "ROU"]
[SourceTitle "CBM 193 Extra"]
[Source "ChessBase"]
[SourceDate "2020.01.31"]
[SourceVersion "1"]
[SourceVersionDate "2020.01.31"]
[SourceQuality "1"]

1. e4 e6 2. d4 d5 3. Nc3 Nf6 4. e5 Ng8 5. Nf3 Qd7 6. Bd3 b6 7. 0-0 Ba6 8. Ne2 Ne7 9. b3 Bxd3 10. Qxd3 c5 11. c4 cxd4 12. Rd1 Nbc6 13. Nexd4 a6 14. Ba3 Nxd4 15. Nxd4 dxc4 16. bxc4 Nf5 17. Bxf8 Rxf8 18. Nxf5 Qxd3 19. Nxg7+ 1-0

[Event "Wch Seniors 65 29th"]
[Site "Bucharest"]
[Date "2019.11.15"]
[Round "4"]
[White "Okhotnik, Vladimir"]
[Black "Blomstrom, Lars"]
[Result "1-0"]
[WhiteElo "2346"]
[BlackElo "2132"]
[PlyCount "63"]
[EventDate "2019.11.12"]
[EventType "swiss"]
[EventRounds "11"]
[EventCountry "ROU"]
[SourceTitle "CBM 193 Extra"]
[Source "ChessBase"]
[SourceDate "2020.01.31"]
[SourceVersion "1"]
[SourceVersionDate "2020.01.31"]
[SourceQuality "1"]

1. d4 Nf6 2. Nf3 g6 3. Nc3 Bg7 4. e4 d6 5. Be2 0-0 6. 0-0 c6 7. a4 Nbd7 8. Bf4 Qc7 9. e5 dxe5 10. Nxe5 Nxe5 11. Bxe5 Qd8 12. a5 Nd5 13. Nxd5 cxd5 14. Bf3 Be6 15. Re1 Rc8 16. c3 Qd7 17. Bxg7 Kxg7 18. Qe2 Rfe8 19. Qe5+ Kg8 20. Re3 Rc6 21. Rae1 Rd6 22. h4 f6 23. Qf4 Kg7 24. g4 b6 25. axb6 Rxb6 26. b4 Bf7 27. g5 Re6 28. Bg4 Rxe3 29. Rxe3 Qc6 30. Bh3 Qb6 31. Bd7 Rf8 32. Rxe7 1-0

[Event "Vasteras op"]
[Site "Vasteras"]
[Date "2018.09.30"]
[Round "7"]
[White "Blomstrom, Lars"]
[Black "Lindberg, Bengt"]
[Result "0-1"]
[WhiteElo "2166"]
[BlackElo "2406"]
[PlyCount "100"]
[EventDate "2018.09.28"]
[EventType "swiss"]
[EventRounds "8"]
[EventCountry "SWE"]
[SourceTitle "CBM 186 Extra"]
[Source "ChessBase"]
[SourceDate "2018.08.24"]
[SourceVersion "1"]
[SourceVersionDate "2018.08.24"]
[SourceQuality "1"]

1. e4 c5 2. Nf3 e6 3. d4 cxd4 4. Nxd4 Nc6 5. Nc3 Qc7 6. g3 a6 7. Bg2 d6 8. 0-0 Bd7 9. Nxc6 Bxc6 10. a4 Nf6 11. Qe2 Be7 12. f4 0-0 13. g4 h6 14. g5 hxg5 15. fxg5 Nh7 16. Qg4 d5 17. Kh1 d4 18. Ne2 e5 19. c3 Bd7 20. Qg3 d3 21. Ng1 Bc6 22. Bd2 Rad8 23. h4 g6 24. Nh3 Kh8 25. Nf2 f5 26. gxf6 Bxf6 27. Ng4 Bg7 28. b3 Qe7 29. a5 Rde8 30. c4 Rf4 31. Rae1 Rxf1+ 32. Rxf1 Rf8 33. Rxf8+ Nxf8 34. Nf2 Nd7 35. Qxg6 Qxh4+ 36. Kg1 Nc5 37. b4 Nb3 38. Bg5 Qg3 39. Qh5+ Kg8 40. Qd1 Nd4 41. Bc1 Ne2+ 42. Kf1 Nxc1 43. Qxc1 Ba4 44. Qd2 Bc2 45. Bh3 Qh4 46. Be6+ Kf8 47. b5 Bf6 48. bxa6 bxa6 49. Qb4+ Kg7 50. Qb7+ Be7 0-1

[Event "Vasteras op"]
[Site "Vasteras"]
[Date "2018.09.28"]
[Round "3"]
[White "Blomstrom, Lars"]
[Black "Kucuksari, Kaan"]
[Result "1-0"]
[WhiteElo "2166"]
[BlackElo "2327"]
[PlyCount "81"]
[EventDate "2018.09.28"]
[EventType "swiss"]
[EventRounds "8"]
[EventCountry "SWE"]
[SourceTitle "CBM 186 Extra"]
[Source "ChessBase"]
[SourceDate "2018.08.24"]
[SourceVersion "1"]
[SourceVersionDate "2018.08.24"]
[SourceQuality "1"]

1. e4 c5 2. Nc3 e6 3. g3 d5 4. Bg2 Nf6 5. d3 Nc6 6. Nge2 d4 7. Nb1 h5 8. h4 e5 9. Nd2 Be6 10. a4 a6 11. Ng1 Ng4 12. Nh3 f6 13. Nf1 c4 14. f3 Bb4+ 15. Ke2 Qd7 16. Nf2 cxd3+ 17. cxd3 Qf7 18. Bd2 Bb3 19. Qe1 Ne3 20. Bxb4 Nc2 21. Qd2 N6xb4 22. Rc1 0-0 23. Nh2 Rac8 24. Bh3 Rc6 25. g4 Ne3 26. Qxb4 Rfc8 27. Rxc6 Rxc6 28. f4 exf4 29. Qxd4 Nc2 30. Qd8+ Kh7 31. gxh5 Qxh5+ 32. Bg4 Qe5 33. Bf5+ g6 34. Nf3 Qxb2 35. Ng5+ Kg7 36. Qe7+ Kg8 37. Qe8+ Kg7 38. Qxg6+ Kf8 39. Nh7+ Ke7 40. Qg7+ Bf7 41. Qf8# 1-0

[Event "Deltalift op"]
[Site "Tylosand"]
[Date "2018.05.11"]
[Round "5"]
[White "Blomstrom, Lars"]
[Black "Nilsson, Eskil"]
[Result "1-0"]
[WhiteElo "2163"]
[BlackElo "1962"]
[PlyCount "119"]
[EventDate "2018.05.10"]
[EventType "swiss"]
[EventRounds "8"]
[EventCountry "SWE"]
[SourceTitle "CBM 184 Extra"]
[Source "ChessBase"]
[SourceDate "2018.06.28"]
[SourceVersion "1"]
[SourceVersionDate "2018.06.28"]
[SourceQuality "1"]

1. e4 c5 2. Nc3 Nc6 3. g3 g6 4. Bg2 Bg7 5. d3 Rb8 6. Be3 d6 7. Qd2 b5 8. f4 b4 9. Nd1 Qc7 10. Nf3 e6 11. 0-0 Nge7 12. f5 exf5 13. Bh6 0-0 14. Bxg7 Kxg7 15. Ne3 Ne5 16. exf5 f6 17. fxg6 hxg6 18. d4 Nxf3+ 19. Bxf3 Bb7 20. Rae1 c4 21. Nxc4 Ba6 22. Be2 Nf5 23. Ne3 Nxe3 24. Qxe3 Bb7 25. Bf3 Bxf3 26. Qxf3 Rf7 27. Re6 Rbf8 28. Rf2 Qb6 29. Qd5 Rd7 30. Rfe2 Rff7 31. Re8 Qb7 32. Qxb7 Rxb7 33. Rd8 Rfd7 34. Rxd7+ Rxd7 35. Kf2 Kf7 36. Ke1 Rc7 37. Kd2 Rc6 38. Re3 f5 39. Rb3 a5 40. a3 Rc4 41. Kd3 d5 42. axb4 axb4 43. c3 bxc3 44. bxc3 Rc6 45. h4 Ke6 46. Ke3 Kf6 47. Kf4 Re6 48. Rb5 Rc6 49. Rc5 Rd6 50. Rc8 Rb6 51. Rc7 Re6 52. Rc8 Re4+ 53. Kf3 Rg4 54. Re8 Kf7 55. Re5 Kf6 56. Rxd5 Ke6 57. Rb5 Kf6 58. Rb6+ Kf7 59. Rb4 Kf6 60. d5 1-0

[Event "Deltalift op"]
[Site "Tylosand"]
[Date "2018.05.10"]
[Round "3"]
[White "Blomstrom, Lars"]
[Black "Johansson, Mikael1111"]
[Result "1/2-1/2"]
[WhiteElo "2163"]
[BlackElo "1977"]
[PlyCount "66"]
[EventDate "2018.05.10"]
[EventType "swiss"]
[EventRounds "8"]
[EventCountry "SWE"]
[SourceTitle "CBM 184 Extra"]
[Source "ChessBase"]
[SourceDate "2018.06.28"]
[SourceVersion "1"]
[SourceVersionDate "2018.06.28"]
[SourceQuality "1"]

1. e4 e6 2. d4 d5 3. e5 c5 4. c3 Nc6 5. Be3 Qc7 6. Nf3 Nh6 7. Nbd2 Nf5 8. Bd3 Nxe3 9. fxe3 Be7 10. 0-0 0-0 11. Rc1 c4 12. Bb1 f5 13. exf6 Bxf6 14. e4 dxe4 15. Nxe4 Ne7 16. Nfg5 Nf5 17. Qe2 Qe7 18. Nxh7 Kxh7 19. g4 Bg5 20. Rce1 Bd7 21. Qxc4 Rae8 22. Ng3 g6 23. gxf5 gxf5 24. Nxf5 exf5 25. Rxe7+ Rxe7 26. d5 Kh8 27. Qd3 Rg7 28. Kh1 f4 29. Qd4 Kg8 30. Be4 Bh3 31. Rg1 Bf6 32. Rxg7+ Bxg7 33. Qf2 f3 1/2-1/2

[Event "Deltalift op"]
[Site "Tylosand"]
[Date "2018.05.10"]
[Round "4"]
[White "Karlsson, Ulf"]
[Black "Blomstrom, Lars"]
[Result "1/2-1/2"]
[WhiteElo "1959"]
[BlackElo "2163"]
[PlyCount "54"]
[EventDate "2018.05.10"]
[EventType "swiss"]
[EventRounds "8"]
[EventCountry "SWE"]
[SourceTitle "CBM 184 Extra"]
[Source "ChessBase"]
[SourceDate "2018.06.28"]
[SourceVersion "1"]
[SourceVersionDate "2018.06.28"]
[SourceQuality "1"]

1. e4 e5 2. Nf3 Nc6 3. Nc3 Nf6 4. d4 exd4 5. Nxd4 Bb4 6. Nxc6 bxc6 7. Bd3 0-0 8. 0-0 d5 9. exd5 cxd5 10. Bg5 c6 11. Qf3 Rb8 12. Bxf6 Qxf6 13. Qxf6 gxf6 14. Ne2 Bd6 15. b3 a5 16. Rad1 Rb4 17. c3 Rb6 18. Nd4 Re8 19. Rfe1 Re5 20. Nf3 Kg7 21. Nxe5 fxe5 22. c4 Rb4 23. Be4 f5 24. Bxd5 cxd5 25. Rxd5 Bc7 26. Red1 Rb7 27. c5 Be6 1/2-1/2

[Event "Vasteras op"]
[Site "Vasteras"]
[Date "2017.10.01"]
[Round "8"]
[White "Blomstrom, Lars"]
[Black "Malmstig, Erik"]
[Result "0-1"]
[WhiteElo "2159"]
[BlackElo "2290"]
[PlyCount "74"]
[EventDate "2017.09.29"]
[EventType "swiss"]
[EventRounds "8"]
[EventCountry "SWE"]
[SourceTitle "EXT 2018"]
[Source "ChessBase"]
[SourceDate "2017.10.13"]
[SourceVersion "1"]
[SourceVersionDate "2017.10.13"]
[SourceQuality "1"]

1. e4 c5 2. Nc3 d6 3. g3 Nc6 4. Bg2 e5 5. d3 h5 6. h3 Nge7 7. Be3 Be6 8. Qd2 Nd4 9. Nd1 Nec6 10. f4 Nb4 11. Bxd4 exd4 12. Nf3 Be7 13. 0-0 g6 14. Nf2 Nc6 15. Rae1 Qc7 16. c3 dxc3 17. bxc3 0-0-0 18. Rb1 d5 19. e5 g5 20. Nxg5 Bxg5 21. fxg5 Qxe5 22. d4 Qxg3 23. dxc5 Rhg8 24. Nd3 Rxg5 25. Nf4 Bf5 26. Rb2 d4 27. cxd4 Rxd4 28. Qf2 Qc3 29. Rb3 Qxc5 30. h4 Rg4 31. Nxh5 Rxg2+ 32. Kxg2 Be4+ 33. Kh2 Qxh5 34. Rc3 Qe5+ 35. Kg1 Bd3 36. Rfc1 Rg4+ 37. Kh1 Be4+ 0-1

[Event "Deltalift op"]
[Site "Tylosand"]
[Date "2017.05.26"]
[Round "6"]
[White "Sadiku, Halil"]
[Black "Blomstrom, Lars"]
[Result "0-1"]
[WhiteElo "1944"]
[BlackElo "2166"]
[PlyCount "104"]
[EventDate "2017.05.25"]
[EventType "swiss"]
[EventRounds "8"]
[EventCountry "SWE"]
[SourceTitle "CBM 178 Extra"]
[Source "ChessBase"]
[SourceDate "2017.06.22"]
[SourceVersion "1"]
[SourceVersionDate "2017.06.22"]
[SourceQuality "1"]

1. d4 Nf6 2. Bf4 g6 3. Nf3 Bg7 4. e3 d6 5. Nbd2 0-0 6. Be2 Nbd7 7. c3 Qe8 8. 0-0 e5 9. Bg5 h6 10. Bxf6 Bxf6 11. e4 Qe7 12. Qb3 Bg7 13. h3 Nf6 14. dxe5 dxe5 15. Bc4 Nh5 16. Rad1 Nf4 17. Rfe1 c6 18. a4 Rb8 19. Qc2 a5 20. Nf1 Qf6 21. N1h2 h5 22. h4 b5 23. axb5 cxb5 24. Ba2 Be6 25. Bxe6 Nxe6 26. Rd5 Qe7 27. g3 Nc7 28. Rd3 Rfd8 29. Red1 Ne6 30. Rd5 Nc7 31. R5d3 Ne6 32. Qe2 b4 33. Rd5 bxc3 34. bxc3 Qc7 35. c4 a4 36. Qa2 Nc5 37. Ng5 f6 38. Qd2 Re8 39. Qe3 fxg5 40. Rxc5 Qa7 41. Rdd5 a3 42. Rc8 Qxe3 43. Rxe8+ Rxe8 44. fxe3 Ra8 45. Rd1 Bf8 46. Nf3 a2 47. Ra1 Bb4 48. Nxe5 Bc3 49. Rxa2 Rxa2 50. Nxg6 Kf7 51. Nf4 gxf4 52. exf4 Bd4+ 0-1

[Event "Deltalift op"]
[Site "Tylosand"]
[Date "2016.05.05"]
[Round "2"]
[White "Blomstrom, Lars"]
[Black "Wallenas, Joakim"]
[Result "1-0"]
[WhiteElo "2145"]
[BlackElo "1921"]
[PlyCount "65"]
[EventDate "2016.05.05"]
[EventType "swiss"]
[EventRounds "8"]
[EventCountry "SWE"]
[SourceTitle "CBM 172 Extra"]
[Source "ChessBase"]
[SourceDate "2016.06.21"]
[SourceVersion "1"]
[SourceVersionDate "2016.06.21"]
[SourceQuality "1"]

1. e4 d6 2. d4 g6 3. Nf3 Bg7 4. Bc4 Nf6 5. Qe2 Bg4 6. h3 Bxf3 7. Qxf3 c6 8. Bb3 0-0 9. 0-0 d5 10. e5 Nfd7 11. Nc3 e6 12. Ne2 c5 13. c3 Nc6 14. Qg4 h6 15. Be3 Ne7 16. Nf4 Nf5 17. Qe2 cxd4 18. cxd4 Qb6 19. Rad1 Rac8 20. g4 Nxe3 21. fxe3 Nb8 22. Rf3 Nc6 23. Rdf1 Ne7 24. Ng2 Qc6 25. h4 a5 26. h5 g5 27. Qf2 a4 28. Bd1 Qe8 29. Bc2 b5 30. Bb1 Qc6 31. Rxf7 Qe8 32. Rxf8+ Qxf8 33. Qe2 1-0

[Event "Deltalift op"]
[Site "Tylosand"]
[Date "2015.05.14"]
[Round "2"]
[White "Johansson, Linus"]
[Black "Blomstrom, Lars"]
[Result "1-0"]
[WhiteElo "2389"]
[BlackElo "2108"]
[PlyCount "95"]
[EventDate "2015.05.14"]
[EventType "swiss"]
[EventRounds "8"]
[EventCountry "SWE"]
[SourceTitle "CBM 166 Extra"]
[Source "ChessBase"]
[SourceDate "2015.06.18"]
[SourceVersion "1"]
[SourceVersionDate "2015.06.18"]
[SourceQuality "1"]

1. e4 e5 2. Nf3 Nc6 3. Bb5 Nf6 4. 0-0 Nxe4 5. d4 Nd6 6. Bxc6 dxc6 7. dxe5 Nf5 8. Qxd8+ Kxd8 9. c4 Bd7 10. Nc3 Kc8 11. b3 h6 12. Bb2 b6 13. Rad1 Be7 14. h3 Rd8 15. g4 Nh4 16. Nxh4 Bxh4 17. f4 Kb7 18. Kg2 c5 19. Nd5 Bc6 20. Rf3 Re8 21. Rfd3 a6 22. Kf1 Be7 23. Bc3 a5 24. a4 Bf8 25. Kf2 Be7 26. Kg3 Bf8 27. h4 Rad8 28. f5 Kc8 29. Kf4 Bd7 30. Be1 Bc6 31. h5 Kb7 32. Bh4 Rc8 33. g5 hxg5+ 34. Bxg5 f6 35. exf6 Bd6+ 36. Kg4 gxf6 37. Nxf6 Re2 38. R3d2 Re7 39. h6 Be5 40. Nd5 Rf7 41. Re2 Bd4 42. Re7 Rcf8 43. Rxf7 Rxf7 44. Rxd4 cxd4 45. Nf6 Rf8 46. h7 Rh8 47. Kh5 Be4 48. Nxe4 1-0

[Event "Deltalift op"]
[Site "Halmstad"]
[Date "2014.05.29"]
[Round "3"]
[White "Blomstrom, Lars"]
[Black "Ziegler, Ari"]
[Result "0-1"]
[WhiteElo "2155"]
[BlackElo "2330"]
[PlyCount "50"]
[EventDate "2014.03.29"]
[EventType "swiss"]
[EventRounds "8"]
[EventCountry "SWE"]
[SourceTitle "EXT 2015"]
[Source "ChessBase"]
[SourceDate "2014.11.20"]
[SourceVersion "1"]
[SourceVersionDate "2014.11.20"]
[SourceQuality "1"]

1. e4 c5 2. Nf3 e6 3. d4 cxd4 4. Nxd4 a6 5. Nc3 Qc7 6. Be3 Bb4 7. Qd3 Nf6 8. Bd2 Nc6 9. 0-0-0 Nxd4 10. Qxd4 Bc5 11. Qd3 Ng4 12. Be2 Nxf2 13. Qf3 Nxh1 14. Rxh1 0-0 15. Bd3 d6 16. Ne2 Bd7 17. Rf1 Rac8 18. Qh5 Bb5 19. Bxb5 axb5 20. c3 b4 21. Rf3 bxc3 22. bxc3 Qa5 23. Rh3 Ba3+ 24. Kd1 Qa4+ 25. Ke1 Qxe4 0-1